000 00625nam a2200193 4500
005 20250402150833.0
010 _aENG-144449
020 _a9789357314756
_c399.00
035 _aEN-127981
037 _bDBAD
082 _aS
100 _aSharan, Devi
_980120
245 _aThe IC 814 Captain's Story:
_cDevi Sharan [and] Srinjoy Chowdhury
_bFlight into Fear/
260 _aGurugram
_bHachette Books Publishing
_c2024
270 _a4th and 5th Floor, Corporate Centre, Plot No.-94, Sector 44,
_bGurugram
_e122003
300 _a198p.
_c20cm(pb)
700 _aChowdhury, Srinjoy
_eAuthor
_980121
942 _2ddc
_cEN
_hS
_mSHA
999 _c210665
_d210665